Fr. Conceicao Rodrigues College of Engineering

Computer Science:Structured programming approach using C (Record no. 25188)

MARC details
000 -LEADER
fixed length control field 00336nam a2200145Ia 4500
082 ## - DEWEY DECIMAL CLASSIFICATION NUMBER
Classification number 5.133
Item number FOR
100 ## - MAIN ENTRY--PERSONAL NAME
Personal name Forouzan/B.A/ Gilberg/R.F
245 ## - TITLE STATEMENT
Title Computer Science:Structured programming approach using C
260 ## - PUBLICATION, DISTRIBUTION, ETC.
Name of publisher, distributor, etc. Thomsan Learning
Date of publication, distribution, etc. 2001
300 ## - PHYSICAL DESCRIPTION
Extent 900
546 ## - LANGUAGE NOTE
Language note ENGLISH
654 ## - SUBJECT ADDED ENTRY--FACETED TOPICAL TERMS
Focus term c
942 ## - ADDED ENTRY ELEMENTS (KOHA)
Koha item type BOOK
Holdings
Withdrawn status Lost status Damaged status Not for loan Collection Home library Current library Date acquired Total Checkouts Full call number Barcode Date last seen Price effective from Koha item type Date last checked out
        CRC Fr. Agnel's C.Rodrigues College of Engineering Fr. Agnel's C.Rodrigues College of Engineering 17/03/2023   5.133 FOR 13026 17/03/2023 17/03/2023 BOOK  
        CRC Fr. Agnel's C.Rodrigues College of Engineering Fr. Agnel's C.Rodrigues College of Engineering 17/03/2023 1 5.133 FOR 13027 04/12/2025 17/03/2023 BOOK 27/10/2025